000 01011cam a2200301 a 4500
001 14742314
003 ARRUPE
005 20160329143924.0
008 070222s2006 rh a b 000 0 eng
010 _a 2007380156
020 _a0797432566
040 _aDLC
_cDLC
042 _alcode
043 _af-rh---
050 0 0 _aGV673.Z55
_bS76 2006
100 _aMararike, Claude Gumbucha
_923435
245 0 0 _aSports, juju, and human factor development /
_cedited by Claude Gumbucha Mararike.
260 _aHarare, Zimbabwe :
_bBest Practices Books,
_cc2006.
300 _avii, 90 p.;
_bill. ;
_c21 cm.
490 0 _aHuman factor series. Zimbabwe chapter ;
_vv. 3
504 _aIncludes bibliographical references.
650 0 _aSports
_zZimbabwe.
_923436
650 0 _aSports
_xSocial aspects
_zZimbabwe.
_923437
700 1 _aMararike, C. G.
_q(Claude G.)
_923438
906 _a7
_bcbc
_corigode
_d3
_encip
_f20
_gy-gencatlg
942 _2lcc
_cMONOGRAPH
999 _c124500
_d124500